Fußball Sommer Transfers Teil 4 - Statistiken

Allgemein
  • Dieses Quiz wurde 269 mal gespielt
  • Das Durchschnittsergebnis liegt bei 9 aus 15
Antwortstatistiken
Wechsel Spieler % Korrekt
Cheslea-Inter Mailand Lukaku
93%
Bielefeld-Manchester City Ortega
87%
Manchester City-Arsenal Jesus
86%
Ajax Amsterdam-BVB Haller
84%
Everton-Tottenham Richarlison
72%
Leeds United-Manchester City Phillips
70%
AC Mailand-Barcelona Kessie
69%
Chelsea-Barcelona Christensen
67%
Paris-Juventus Di Maria
59%
Bayern München-Nottingham Richards
54%
Tottenham-Ajax Amsterdam Bergwijn
43%
Porto-Paris Vitinha
40%
Mainz-Nottingham Niakhate
37%
Lille-Newcastle Botman
28%
Feyenoord-Leeds Sinisterra
14%
Keine übereinstimmenden Quizze gefunden
Verteilung der Resultate
Anzahl Personen mit jedem Resultat
Perzentil nach korrekt beantworteten Fragen
Ihre Resultats-Entwicklung
Sie haben dieses Quiz noch nicht gespielt